000 01220nam0a22003131 4500
001 RU\INFOCOMM_322\NLR\5000176221
005 20250614080103.0
035 _a(NLR Aleph) 010592766
090 _a10508524
_c10508524
100 _a20130214d1969 |||y0rusy50 ca
101 0 _afre
102 _aRU
105 _ay z||||
200 1 _aHygiène du travail et pathologie professionnelle en Georgie
_fP. Mandjgaladze
_gMin. de la santé publique de l'URSS. Inst. central du perfectionnement des médecins décoré de l'ordre de Lénine. Colloque interrégional de l'OMS sur l'hygiène industrielle et agricole
210 _aM.
_d1969
215 _a8 с.
_d20 см
309 _aОтпеч. множит. аппаратом
620 _aМосква
686 _aМе2-1000
_2rubbk
686 _aМе1-182Груз.ССР
_2rubbk
686 _aˆ[‰Р124,0]
_2rubbk
700 1 _9z04790
_aMandžgaladze
_bR. N.
712 0 2 _aOrganisation mondiale de la santé
_bSéminaire interrégional pour l'hygiène industrielle et agricole
_f1969
_4570
790 1 _9z04700
_aMandžgaladze
_bP.
_4070
801 1 _aRU
_bInfocomm
_c20130214
801 0 _aRU
_bINFOCOMM
_gPSBO
852 _aNLR
_jМд97 Д-4/235
942 _cBOOK
980 _aNB